Countries that end in A but don't start with A - Statistics

General Stats
  • This quiz has been taken 70 times
  • The average score is 50 of 64
Answer Stats
Answer % Correct
Canada
92%
Colombia
92%
Croatia
90%
Romania
90%
India
88%
Latvia
88%
Lithuania
88%
Bolivia
87%
China
87%
Indonesia
87%
Slovakia
87%
Slovenia
87%
Estonia
85%
Cuba
83%
Guyana
83%
Serbia
83%
Bulgaria
81%
Dominica
81%
Ethiopia
81%
Panama
81%
Samoa
81%
Venezuela
81%
Bosnia and Herzegovina
79%
Botswana
79%
Eritrea
79%
Gambia
79%
Ghana
79%
Nicaragua
79%
North Korea
79%
Russia
79%
Tunisia
79%
Grenada
77%
Jamaica
77%
Libya
77%
Malaysia
77%
Malta
77%
Mauritania
77%
Nigeria
77%
South Korea
77%
Tanzania
77%
Tonga
77%
Costa Rica
75%
Guinea
75%
North Macedonia
75%
Zambia
75%
Cambodia
73%
Kenya
73%
Liberia
73%
Papua New Guinea
73%
Somalia
73%
South Africa
73%
Namibia
71%
Rwanda
71%
Saudi Arabia
71%
Mongolia
69%
Uganda
69%
Federated States of Micronesia
67%
Georgia
67%
Moldova
67%
Syria
67%
Guatemala
65%
Saint Lucia
65%
Equatorial Guinea
62%
Sri Lanka
56%
No matching quizzes found
Score Distribution
Percent of People with Each Score
Percentile by Number Answered
Your Score History
You have not taken this quiz